Straßen beginnend mit G - Moers - Statistiken

Allgemein
  • Dieses Quiz wurde 5 mal gespielt
  • Das Durchschnittsergebnis liegt bei 4 aus 51
Antwortstatistiken
Antwort % Korrekt
Goethestraße
100%
Gartenstraße
60%
Grubenstraße
40%
Galgenbergsheide
20%
Georgstraße
20%
Geranienstraße
20%
Ginsterweg
20%
Gladiolenweg
20%
Goldammerweg
20%
Gotenstraße
20%
Grüner Weg
20%
Guntherstraße
20%
Gabelsbergerstraße
0%
Gallierring
0%
Galmesweg
0%
Gaußstraße
0%
Gebrüder-Grimm-Platz
0%
Geldernsche Straße
0%
Gellertstraße
0%
Genender Platz
0%
Genender Weg
0%
Gerhardstraße
0%
Gerhart-Hauptmann-Straße
0%
Germanenstraße
0%
Germendonks Kamp
0%
Germerdonkstraße
0%
Gertrud-Bäumer-Straße
0%
Gertrudenweg
0%
Gimpelweg
0%
Gleiwitzer Straße
0%
Glogauer Straße
0%
Glückaufstraße
0%
Glücksburger Straße
0%
Goebenstraße
0%
Goldaper Weg
0%
Goldberger Straße
0%
Görlitzer Straße
0%
Grabenstraße
0%
Grafschafter Rad- und Wanderweg
0%
Grafschafter Straße
0%
Greefstraße
0%
Grenzstraße
0%
Greta-Rothe-Straße
0%
Grillparzerweg
0%
Grünberger Straße
0%
Grünbergstraße
0%
Grünewaldstraße
0%
Grüngürtel
0%
Gustav-Großmann-Straße
0%
Gutenbergstraße
0%
Güterstraße
0%
Keine übereinstimmenden Quizze gefunden
Verteilung der Resultate
Anzahl Personen mit jedem Resultat
Perzentil nach korrekt beantworteten Fragen
Ihre Resultats-Entwicklung
Sie haben dieses Quiz noch nicht gespielt